000 00260nam a22000977a 4500
999 _c10938
_d10938
008 180412b ||||| |||| 00| 0 eng d
020 _a9788190717243
100 _aNissar, Kauser
_96744
245 _aClick and learn computer
260 _aNew Delhi
_bSwan Press
_c2009